| 000 | 00429nam a2200157 i 4500 | ||
|---|---|---|---|
| 001 | 37558 | ||
| 003 | ES-MaACL | ||
| 005 | 20230906155611.0 | ||
| 007 | t| | ||
| 008 | 030221s1921 sp ||||1| spa d | ||
| 100 | 0 |
_aEl Caballero Audaz. _933095 |
|
| 245 | 1 | 3 |
_aEl divino pecado _b: (novela) / _cEl Caballero Audaz (seud.). |
| 260 |
_aMadrid : _bG. Hernández, _c1921. |
||
| 300 |
_a323 p. ; _c19 cm. |
||
| 852 |
_aES-MaACL _jF-2352 |
||
| 999 |
_c37558 _d37558 |
||